Výzkum v ekonomickém vývoji 80. let

Na minha lista:
Detalhes bibliográficos
Autor principal: Urban, Luděk
Formato: Livro
Idioma:tcheco
Publicado em: Praha Ústředí vědeckých, technických a ekonomických informací 1984
Tags: Adicionar Tag
Sem tags, seja o primeiro a adicionar uma tag!

MARC

LEADER 00000nam a2200000 4500
001 c113886
005 20251204130639.8
041 0 |a cze 
044 |a CZ 
245 1 0 |a Výzkum v ekonomickém vývoji 80. let  |c Luděk Urban 
264 1 |a Praha  |b Ústředí vědeckých, technických a ekonomických informací  |c 1984 
300 |a 49 s. 
100 1 |a Urban, Luděk